Bundesliga Top Scorers in 21C - Sudden Death - Statistics

General Stats
  • This quiz has been taken 123 times
  • The average score is 4 of 10
Answers on the Grid
Answers color-coded by a green-red scale on the quiz's grid according to % correct below.
Alexander Meier
André Silva
Andrej Kramaric
Anthony Modeste
Arjen Robben
Benjamin Sesko
Christopher Nkunku
Claudio Pizarro
Edin Dzeko
Erling Haaland
Harry Kane
Klaas-Jan Huntelaar
Loïs Openda
Luka Jovic
Marco Reus
Mario Gomez
Mario Mandzukic
Niclas Füllkrug
Paco Alcácer
Pierre-Emerick Aubameyang
Robert Lewandowski
Serge Gnabry
Serhou Guirassy
Stefan Kießling
Thomas Müller
Timo Werner
Victor Boniface
Wout Weghorst
 
Answer Stats
Answer % Correct
Alexander Meier
63%
Robert Lewandowski
55%
Harry Kane
50%
Edin Dzeko
32%
Pierre-Emerick Aubameyang
32%
Mario Gomez
31%
Christopher Nkunku
27%
Stefan Kießling
26%
Niclas Füllkrug
23%
Klaas-Jan Huntelaar
21%
No matching quizzes found
Score Distribution
Percent of People with Each Score
Percentile by Number Answered
Your Score History
You have not taken this quiz